Evaluar para conocer, examinar para excluir
Wedi'i Gadw mewn:
| Prif Awdur: | |
|---|---|
| Fformat: | Llyfr |
| Iaith: | Sbaeneg |
| Cyhoeddwyd: |
Madrid
Morata
2001
|
| Cyfres: | Colección Pedagogía. Razones y Propuestas Educativas, 6
|
| Pynciau: | |
| Tagiau: |
Ychwanegu Tag
Dim Tagiau, Byddwch y cyntaf i dagio'r cofnod hwn!
|
MARC
| LEADER | 00000nam a2200000 a 4500 | ||
|---|---|---|---|
| 001 | UCM2933 | ||
| 003 | CL-VaPUC | ||
| 008 | 020621e20010000SP |||||||||||||||||spa|d | ||
| 020 | |a 8471124629 | ||
| 082 | 0 | 4 | |a 371.27 |b ALV |2 21 |
| 100 | 0 | |a Alvarez Méndez, Juan Manuel |e author |9 469695 | |
| 245 | 1 | 0 | |a Evaluar para conocer, examinar para excluir |
| 300 | |a 126 p | ||
| 942 | |c BK | ||
| 945 | |d 20020621 00:00:00 |a cmena | ||
| 260 | |a Madrid |b Morata |c 2001 | ||
| 650 | 0 | |a Evaluación de la educación |9 237505 | |
| 650 | 0 | |a Métodos de evaluación |9 311717 | |
| 583 | |a last modification |c 20160929 08:17:59 |k Rodrigo Vera | ||
| 490 | 0 | |a Colección Pedagogía. Razones y Propuestas Educativas, 6 | |
| 999 | |c 300545 |d 300543 | ||
| 952 | |0 0 |1 0 |4 0 |6 371_270000000000000_ALV_2001 |7 0 |8 A |9 358447 |a FDOPOS |b FDOPOS |d 2019-11-21 |i 3818985 |o 371.27 ALV 2001 |p 3818985 |r 2025-01-22 |w 2019-11-21 |y BK |k MLA | ||
| 952 | |0 0 |1 0 |4 0 |6 371_270000000000000_ALV_2001 |7 0 |8 A |9 358448 |a BIBEDU |b BIBEDU |d 2019-11-21 |i 406626K |o 371.27 ALV 2001 |p 406626K |r 2019-11-21 |w 2019-11-21 |y BK |k EDU | ||
| 952 | |0 0 |1 0 |4 0 |6 371_270000000000000_ALV_2001 |7 0 |8 A |9 358449 |a BIBEDU |b BIBEDU |d 2019-11-21 |i 4065999 |l 1 |o 371.27 ALV 2001 |p 4065999 |r 2023-04-24 |s 2023-03-20 |w 2019-11-21 |y BK |k PAR | ||
| 952 | |0 0 |1 0 |4 0 |6 371_270000000000000_ALV_2001 |7 0 |8 A |9 358450 |a BIBEDU |b BIBEDU |d 2019-11-21 |i 4098331 |o 371.27 ALV 2001 |p 4098331 |r 2019-11-21 |w 2019-11-21 |y BK |k EDI | ||
| 952 | |0 0 |1 0 |4 0 |6 371_270000000000000_ALV_2001 |7 0 |8 A |9 358451 |a BIBEDU |b BIBEDU |d 2019-11-21 |i 409834K |o 371.27 ALV 2001 |p 409834K |r 2019-11-21 |w 2019-11-21 |y BK |k EDI | ||